| 000 | 00394nam a2200157Ia 4500 | ||
|---|---|---|---|
| 008 | 230917s9999||||xx |||||||||||||| ||und|| | ||
| 020 | _cRS395 | ||
| 040 |
_e8551 _aMAIN |
||
| 041 | _aEnglish | ||
| 082 | _a327.116 M687I | ||
| 100 | _aMishra, Rajan Kumar | ||
| 245 | 0 | _aInternational relation and political alliences | |
| 260 |
_aNew Delhi _bKanishka _c1996 |
||
| 300 | _a250 p. | ||
| 942 | _cBK | ||
| 999 |
_c95818 _d95818 |
||